Central Library OPAC University of Rajshahi

Is Paris burning? / (Record no. 76800)

MARC details
000 -LEADER
fixed length control field 00984cam a22003011 4500
001 - CONTROL NUMBER
control field 76800
003 - CONTROL NUMBER IDENTIFIER
rucl marc code BD-RjUL
005 - DATE AND TIME OF LATEST TRANSACTION
control field 20211209082905.0
008 - FIXED-LENGTH DATA ELEMENTS--GENERAL INFORMATION
fixed length control field 200120s1965 nyuabc b 000 0 eng
035 ## - SYSTEM CONTROL NUMBER
System control number (BD-RjUL)
040 ## - CATALOGING SOURCE
Original cataloging agency DLC
Transcribing agency DLC
Modifying agency DLC
Language of cataloging eng
041 ## - LANGUAGE CODE
Language code of text/sound track or separate title eng
043 ## - GEOGRAPHIC AREA CODE
Geographic area code e-fr---
082 00 - DEWEY DECIMAL CLASSIFICATION NUMBER
Classification number 940.5421
Edition number 23
Author mark and year COI 1965
100 1# - MAIN ENTRY--PERSONAL NAME
Personal name Collins, Larry.
9 (RLIN) 237951
245 00 - TITLE STATEMENT
Title Is Paris burning? /
Statement of responsibility, etc. [By] Larry Collins and Dominique Lapierre.
260 ## - PUBLICATION, DISTRIBUTION, ETC. (IMPRINT)
Place of publication, distribution, etc. New York :
Name of publisher, distributor, etc. Simon and Schuster ,
Date of publication, distribution, etc. [1965]
300 ## - PHYSICAL DESCRIPTION
Pagination 376 p. :
Illustrations illus., maps (part col.) ports.;
Size 24 cm.
500 ## - GENERAL NOTE
General note In the French ed. Dominique Lapierre appears first on t.p.
504 ## - BIBLIOGRAPHY, ETC. NOTE
Bibliography, etc Bibliography: p. 351-357.
650 #0 - SUBJECT ADDED ENTRY--TOPICAL TERM
Topical term or geographic name as entry element World War, 1939-1945
Geographic subdivision France
-- Paris.
9 (RLIN) 237952
651 #0 - SUBJECT ADDED ENTRY--GEOGRAPHIC NAME
Geographic name Paris (France)
General subdivision History
Chronological subdivision 1940-1944.
9 (RLIN) 237953
700 1# - ADDED ENTRY--PERSONAL NAME
Personal name Lapierre, Dominique.
906 ## - LOCAL DATA ELEMENT F, LDF (RLIN)
a 7
b cbc
c orignew
d u
e ocip
f 19
g y-gencatlg
942 ## - ADDED ENTRY ELEMENTS (KOHA)
Source of classification or shelving scheme Dewey Decimal Classification
Koha item type Books
Holdings
Lost status Source of classification or shelving scheme Damaged status Not for loan Collection code Permanent Location Current Location Shelving location Date acquired Source of acquisition Total Checkouts Full call number Date last seen Copy number Koha item type
  Dewey Decimal Classification   Not For Loan Non-fiction Central Library, University of Rajshahi Central Library, University of Rajshahi Reading Room 14/01/1966 Doubleday   940.5421 COI 1965 20/01/2020 C-1 Books